000 00433nam a2200157 i 4500
001 73140
003 ES-MaACL
005 20230906171701.0
007 t|
008 040907s1960 sp ||||1| spa d
100 1 _aGómez Costa, Arturo.
_957877
245 1 0 _aPuerto Rico, heróico /
_cArturo Gómez Costa.
260 _aMadrid :
_b[s.n.,
_c1960] (
_fEscelicer)
300 _a157 p. ;
_c18 cm.
852 _aES-MaACL
_jC-22649
_bR.51305
999 _c73140
_d73140